00317nam a2200121Ia 4500008004100000041000800041082001400049100001600063245004300079260003100122300003100153365001100184240624s9999 xx 000 0 und d aeng a650.1 FRI aFRIED JASON aREWORK CHANGE THE WAY YOU WORK FOREVER c2010aNew DelhibVermilion avii, : 279 : p. : cm. ; 21 cRSb30